Aparato circulatorio : Arterias y venas /
Guardado en:
| Autor Principal: | |
|---|---|
| Formato: | |
| Materias: | |
| Etiquetas: |
Agregar Etiqueta
Sin Etiquetas, Sea el primero en etiquetar este registro!
|
| LEADER | 01094ngm a22003135g 4500 | ||
|---|---|---|---|
| 001 | CEM.cems022174 | ||
| 008 | 130507b1996##################0###0#####d | ||
| 005 | 20241009132059.0 | ||
| 245 | 1 | 0 | |a Aparato circulatorio : |b Arterias y venas / |c Michael Illert. |
| 300 | |a 51'. | ||
| 500 | |a En soporte VHS, consultar en ventanilla. | ||
| 505 | 0 | |a La célula. Las arterias. La sangre: circulación. Vasos sanguíneos. Sistema vascular. El corazón: trastornos circulatorios. Circulación y trabajo muscular. Ganglios linfáticos. | |
| 538 | |a Soporte: VHS - Norma: Pal N - Color - Grabación DRD 1996 - Hitachi=2467 | ||
| 100 | 1 | |a Illert, Michael | |
| 082 | 6 | 1 | |/ ILL |
| 653 | |a BIOLOGIA | ||
| 653 | |a ANATOMIA | ||
| 653 | |a FISIOLOGIA | ||
| 653 | |a APARATO CIRCULATORIO | ||
| 653 | |a CELULAS | ||
| 653 | |a ARTERIAS | ||
| 653 | |a SANGRE | ||
| 653 | |a VASOS SANGUINEOS | ||
| 653 | |a SISTEMA VASCULAR | ||
| 653 | |a CORAZON | ||
| 653 | |a GANGLIOS LINFATICOS | ||
| 653 | |a NIVEL PRIMARIO | ||
| 653 | |a NIVEL SECUNDARIO | ||
| 859 | |a CEMS |b BIB. CEMS - Depto. Recursos Didacticos |h 611 |i ILL |k DRD |p 817.12 |t Ej.1 | ||
